000 00577nam a2200181Ia 4500
008 100920s9999 xx 000 0 und d
082 _b100240
_a891.463.1 न 07
100 _aधर्मापुरीकर मधुकर.
245 _aचिन्रफुल.
260 _bसाकेत प्रकाशन,औरंगाबाद.
_c2007
300 _a112
_bसाधी
365 _b100
520 _aलघुकथा.
630 _aचिन्रफुल.
650 _aलघुकथा.
730 _aचिन्रफुल.
942 _cBOOK
999 _c740678
_d740675